000 00487nam a2200181Ia 4500
005 20250508165741.0
008 008 250505s9999 xx 000 0 eng d
037 _aTextual
040 _aFEDL
_beng
_cFEDL
041 _aeng
_2eng
084 _a006.6, BPB/0
_qFEDL
245 0 _aBPB 250,000 Graphics pack
260 _aDelhi, India
_bBPB Publication
_c1997
300 _axxii, 855p.
546 _aC.S.E.C
942 _cTEXL
_h006.6, BPB/0
999 _c1397241
_d1397241